000 01994nam0a2200421 4500
001 RU\NLR\bibl\1746883
005 20250616114954.0
010 _a978-5-98180-836-4
_9300
021 _aRU
_b2011-11812
_9843
035 _a(nilc)RSL-KNO-004895095
035 _a(NLR Aleph) 001737776
090 _a1440025
_c1440025
100 _a20110228d2010 |||y0rusy50 ca
101 0 _arus
102 _aRU
105 _aa z||||||||
200 1 _aСахарный диабет и метаболический синдром: что вызывает тревогу у кардиологов?
_fИ.А. Латфуллин, З.Ф. Ким
_gГОУ ВПО "Казанский государственный медицинский университет Федерального агентства по здравоохранению и социальному развитию", Кафедра внутренних болезней N°2
210 _aКазань
_cКазанский университет
_d2010
215 _a131 с.
_cил.
_d21
320 _aБиблиогр.: с. 111-131 (248 назв.)
606 1 _aСахарный диабет
_9923309
_3RU\NLR\AUTH\6619988
606 1 _aМетаболический синдром
_92059211
_3RU\NLR\AUTH\661234650
686 _aР415.160.23-37,0
_2rubbk
686 _aР415.2-32,0
_2rubbk
686 _aР415.160.23
686 _aР415.2
700 1 _aЛатфуллин
_bИ. А.
_gИльдус Анварович
_4070
701 1 _aКим
_bЗ. Ф.
_gЗульфия Фаритовна
_4070
712 0 2 _4475
_aКазанский государственный медицинский университет
_bКафедра внутренних болезней
_c2
_9493132
_3RU\NLR\AUTH\880413942
801 0 _aRU
_bRuMoRKP
_c20110228
_grcr
801 1 _aRU
_bRuMoRGB
_c20110228
801 2 _aRU
_bNLR
_c20110316
_grcr
830 _aавт. по кн.
942 _cBOOK
980 _aNB
980 _aNBR